000 00297nam a2200121Ia 4500
008 190216s9999||||xx |||||||||||||| ||und||
100 _aBadri Ram
245 0 _aFundamentals Of Microprocessors And Microcomputers
260 _bDhanpat Rai
_c1993
300 _a490
650 _aComputer
942 _cBK
999 _c8392
_d8392